Los 100 Jugadores más valiosos del mundo - Estadísticas

Estadísticas generales
  • Esta prueba ha sido intentada 44 veces
  • La puntuación promedio es 64 de 100
Estadísticas de respuestas
Equipo País Valor de Mercado (En Millones) Respuesta % Correcto
Manchester City Noruega 200 Erling Haaland
100%
Real Madrid Francia 200 Kylian Mbappé
100%
Barcelona España 200 Lamine Yamal
100%
Real Madrid Inglaterra 160 Jude Bellingham
97%
Inter de Milán Argentina 85 Lautaro Martínez
97%
Tottenham Holanda 65 Micky van de Ven
97%
PSG Marruecos 80 Achraf Hakimi
94%
Real Madrid Uruguay 120 Federico Valverde
94%
PSG Francia 100 Ousmane Dembélé
94%
Barcelona España 140 Pedri
94%
Real Madrid Brasil 150 Vinícius
94%
Liverpool Alemania 110 Florian Wirtz
91%
Barcelona Brasil 80 Raphinha
91%
PSG Portugal 110 Vitinha
91%
Real Madrid Turquía 90 Arda Güler
88%
Chelea Argentina 85 Enzo Fernández
88%
Bayern Múnich Inglaterra 65 Harry Kane
88%
Atlético de Madrid Argentina 100 Julián Álvarez
88%
Bayern Múnich Francia 130 Michael Olise
88%
Chelsea Ecuador 110 Moisés Caicedo
88%
Manchester City España 75 Rodri
88%
Arsenal Inglaterra 130 Bukayo Saka
85%
Chelsea Inglaterra 120 Cole Palmer
85%
Arsenal Inglaterra 120 Declan Rice
85%
Bayern Múnich Alemania 130 Jamal Musiala
85%
PSG Georgia 90 Khvicha Kvaratskhelia
85%
PSG Portugal 75 Nuno Mendes
85%
Liverpool Suecia 120 Alexander Isak
82%
Chelsea Brasil 80 Estevao
82%
PSG Portugal 110 Joao Neves
82%
Bayern Múnich Colombia 70 Luis Díaz
82%
Arsenal España 75 Martín Zubimendi
82%
Barcelona España 80 Pau Cubarsí
82%
Liverpool Argentina 85 Alexis Mac Allister
79%
PSG Francia 90 Désiré Doué
79%
Arsenal Noruega 75 Martin Odegaard
79%
PSG Ecuador 70 Willian Pacho
79%
Inter de Milán Italia 80 Alessandro Bastoni
76%
Real Madrid Francia 75 Aurélien Tchouaméni
76%
Liverpool Hungría 85 Dominik Szoboszlai
76%
Manchester City Inglaterra 80 Phil Foden
76%
Milán Portugal 70 Rafael Leao
73%
Real Madrid Inglaterra 70 Trent Alexander-Arnold
73%
Arsenal Francia 90 William Saliba
73%
Barcelona España 70 Fermín López
70%
Juventus Turquía 75 Kenan Yildiz
70%
Real Madrid España 60 Álvaro Carreras
67%
PSG Francia 70 Bradley Barcola
67%
Liverpool Francia 85 Hugo Ekitiké
67%
Barcelona Francia 65 Jules Koundé
67%
Como Argentina 65 Nico Paz
67%
Barcelona España 60 Alejandro Balde
64%
Newcastle Brasil 75 Bruno Guimaraes
64%
Liverpool Holanda 70 Cody Gakpo
64%
Bayern Múnich Francia 70 Dayot Upamecano
64%
Manchester City Croacia 70 Josko Gvardiol
64%
Inter de Milán Italia 60 Nicolò Barella
64%
Athletic Club España 60 Nico Williams
64%
Real Madrid Brasil 60 Rodrygo
64%
Galatasaray Nigeria 75 Victor Osimhen
64%
Arsenal Suecia 70 Viktor Gyökeres
64%
Manchester United Camerún 75 Bryan Mbeumo
61%
Barcelona España 60 Dani Olmo
61%
Real Madrid España 70 Dean Huijsen
61%
Manchester City Egipto 65 Omar Marmoush
61%
Arsenal Brasil 75 Gabriel Magalhaes
58%
Manchester City Bélgica 65 Jérémy Doku
58%
Newcastle Italia 75 Sandro Tonali
58%
Chelsea Brasil 65 Joao Pedro
55%
Newcastle Alemania 70 Nick Woltemade
55%
Liverpool Holanda 90 Ryan Gravenberch
52%
Tottenham Argentina 60 Cristian Romero
48%
Inter de Milán Francia 60 Marcus Thuram
48%
Manchester City Ghana 65 Antoine Semenyo
45%
Manchester United Eslovenia 60 Benjamin Sesko
45%
Arsenal Holanda 70 Jurrïen Timber
45%
Manchester City Holanda 65 Tijjani Reijnders
45%
Newcastle Inglaterra 60 Anthony Gordon
42%
Milán EEUU 60 Christian Pulisic
42%
Arsenal Inglaterra 65 Eberechi Eze
42%
Chelsea Portugal 60 Pedro Neto
42%
Manchester United Brasil 70 Matheus Cunha
39%
Aston Villa Inglaterra 70 Morgan Rogers
39%
Atlético de Madrid España 60 Pablo Barrios
39%
Manchester City Portugal 60 Rúben Dias
39%
Arsenal Alemania 55 Kai Havertz
33%
Tottenham Holanda 60 Xavi Simons
33%
Bayern Múnich Alemania 60 Lennart Karl
30%
Nottingham Forest Inglaterra 65 Morgan Gibbs-White
30%
Atlético de Madrid España 55 Álex Baena
27%
Brighton Camerún 60 Carlos Baleba
27%
Borussia Dortmund Alemania 60 Karim Adeyemi
27%
Manchester City Inglaterra 55 Marc Guéhi
24%
Bayern Múnich Alemania 65 Aleksandar Pavlovic
21%
Manchester United France 55 Leny Yoro
21%
Tottenham Ghana 55 Mohammed Kudus
21%
Crystal Palace Inglaterra 60 Adam Wharton
18%
Borussia Dortmud Alemania 55 Nico Schlotterbeck
18%
Nottingham Forest Inglaterra 60 Elliot Anderson
12%
Nottingham Forest Brasil 55 Murillo
12%
No se encontraron pruebas coincidentes
Distribución de puntuación
Porcentaje de gente con cada puntuación
Porcentaje por número respondido
Historial de tus puntuaciones
No has intentado esta prueba.